Australia's indicator-based sustainability assessments and public policy (Record no. 84099)

000 -LEADER
fixed length control field 01578pab a2200193 454500
008 - FIXED-LENGTH DATA ELEMENTS--GENERAL INFORMATION
fixed length control field 180718b2009 xxu||||| |||| 00| 0 eng d
100 ## - MAIN ENTRY--PERSONAL NAME
Personal name Hezri, Adnan A.
245 ## - TITLE STATEMENT
Title Australia's indicator-based sustainability assessments and public policy
260 ## - PUBLICATION, DISTRIBUTION, ETC.
Date of publication, distribution, etc. 2009
300 ## - PHYSICAL DESCRIPTION
Extent p.303-18.
362 ## - DATES OF PUBLICATION AND/OR SEQUENTIAL DESIGNATION
Dates of publication and/or sequential designation Sep
520 ## - SUMMARY, ETC.
Summary, etc. Operationalising sustainability has proven difficult because the concept is ambiguous and fraught with contradictions. In response, sustainability indicator systems to characterise and measure sustainable development have been developed globally. The focus of this article is on how indicators function as an instrument of policy to enhance achievement of environmental and sustainability policy in Australia at national scale. In theory, by integrating information from the environmental, social and economic domains and then feeding knowledge to a wide range of policy sectors, sustainability indicator systems may facilitate cross-agency and portfolio connectivity. Key characteristics of the various sustainability indicator systems developed to inform policy at the national level are described, noting the diverse approaches to indicator development in Australia. The structural relevance of indicator systems to the mechanisms of policy and institutions in Australia is discussed, and corresponding issues of institutional fit are analysed. - Reproduced.
650 ## - SUBJECT ADDED ENTRY--TOPICAL TERM
Topical term or geographic name entry element Public policy
650 ## - SUBJECT ADDED ENTRY--TOPICAL TERM
Topical term or geographic name entry element Sustainable development
700 ## - ADDED ENTRY--PERSONAL NAME
Personal name Dovers, Stephen R.
773 ## - HOST ITEM ENTRY
Main entry heading Australian Journal of Public Administration
908 ## - PUT COMMAND PARAMETER (RLIN)
Put command parameter N
909 ## -
-- 84099
Holdings
Withdrawn status Lost status Damaged status Not for loan Permanent Location Current Location Date acquired Serial Enumeration / chronology Barcode Date last seen Price effective from Koha item type
        Indian Institute of Public Administration Indian Institute of Public Administration 2018-07-19 Volume no: 68, Issue no: 3 AR84559 2018-07-19 2018-07-19 Articles

Powered by Koha